000 01755nas a22002054i 4500
999 _c64848
_d64848
001 768714001
003 CO-MdFUSB
005 20190226110652.0
008 190226s1995 sp ||||| |||| 00| 0 spa d
022 _a0210-1041
040 _aCO-MdFUSB
_bspa
_cCO-MdFUSB
_dCO-MdFUSB
041 _aspa
100 _aSchüngel-Straumann, Helen
_eautor
245 0 3 _aEl rostro femenino de Dios
_c/ Helen SchüngelStraumann
300 _aNúmero 258 (1995), páginas 303-314
_c: 21 cm
520 _aLa tradición bíblica, a la que debe ajustarse toda locución acerca de Dios, habla de Dios de manera predominante masculina. Eso no es sólo un problema de lenguaje, sino principalmente un problema inherente a las estructuras de la correspondiente sociedad. Y eso no sólo en el Antiguo Testamento, sino también en el Nuevo Testamento. Ahora bien, las ideas cristianas, en la manera androcéntrica de hablar con Dios, se hallan más marcadas por el Nuevo Testamento Dios parece como el Padre de Jesucristo en expresiones claramente masculinas. Pero si examinamos más detenidamente cómo Jesús describe a su Padre y cómo le dirige la palabra, entonces veremos que esa manera de hablar no es tan androcéntrica, tan masculina, como podría parecer a primera vista. Así, por ejemplo, en la parábola del padre misericordioso y del hijo pródigo, falta significativamente la madre. En esa familia, el padre bondadoso ha asumido enteramente el papel de la madre. Ha superado la severidad e incluso la cólera que de ordinario se atribuyen a la función del padre.
650 7 _9256
_aDios
_xAmor
773 0 _049450
_960422
_oR0850
_tRevista internacional de teología Concilium
_w(CO-MdFUSB)8
_x0210-1041
_gNúmero 258 (1995), páginas 303-314
_qPágina 303
942 _cANA